Score 0/58 Timer 20:00
0 Plays Today
Country Territory % Correct
DenmarkGreenland
81.8%
NetherlandsAruba
69.1%
USAPuerto Rico
67.3%
USAGuam
65.5%
AustraliaChristmas Island (Kirimati)
63.6%
USAAmerican Samoa
60%
United KingdomFalkland Islands
58.2%
USAU.S. Virgin Islands
58.2%
United KingdomBritish Virgin Islands
56.4%
New ZealandCook Islands
54.5%
United KingdomGibraltar
54.5%
United KingdomJersey
54.5%
FranceMartinique
50.9%
United KingdomBermuda
50.9%
United KingdomIsle of Man
50.9%
FranceFrench Guiana
49.1%
FranceFrench Polynesia
49.1%
FranceReunion
49.1%
NorwaySvalbard
49.1%
United KingdomGuernsey
49.1%
United KingdomTurks and Caicos
49.1%
FranceNew Caledonia
45.5%
New Zealand Niue
45.5%
United KingdomAnguilla
43.6%
United KingdomCayman Islands
41.8%
United KingdomMontserrat
41.8%
United KingdomSt. Helena
40%
FranceMayotte
38.2%
United KingdomSouth Georgia and the Sandwich Islands
38.2%
Country Territory % Correct
USANorthern Mariana Islands
38.2%
United KingdomPitcairn Islands
36.4%
AustraliaNorfolk Island
34.5%
FranceSt Pierre and Miquelon
34.5%
United KingdomBritish Indian Ocean Territory
34.5%
Netherlands Netherlands Antilles
32.7%
New ZealandTokelau
32.7%
USAWake Island
32.7%
AustraliaCocos Islands
29.1%
NorwayJan Mayen
27.3%
DenmarkFaroe Islands
25.5%
AustraliaTasmania
25%
USAMidway Islands
23.6%
NorwayBouvet Island
21.8%
USABaker and Howland
21.8%
USAJohnston Atoll
21.8%
AustraliaAshmore and Cartier Island
20%
FranceClipperton Island
20%
USAJarvis Island
18.2%
USAKingman Reef
18.2%
AustraliaCoral Sea Islands
16.4%
United KingdomTristan da Cunha
16.4%
USANavassa Island
16.4%
USAPalmyra Atoll
16.4%
United KingdomAscension Island
14.5%
AustraliaHeard and Mcdonald Islands
12.7%
NorwayPeter I. Island
10.9%
FranceWallia and Futuna
9.1%
FranceGuadelope
7.3%
Remove Ads.
Support Sporcle.
Get the best of Sporcle when you Go Orange. This ad-free experience offers more features, more stats, and more fun while also helping to support Sporcle. Thank you for becoming a member.

You're not logged in!

Compare scores with friends on all Sporcle quizzes.
OR
Log In

Show Comments

Extras

Created Jan 27, 2015ReportNominate
Tags:Country Quiz, Territory

Top Quizzes Today


Score Distribution

Your Account Isn't Verified!

In order to create a playlist on Sporcle, you need to verify the email address you used during registration. Go to your Sporcle Settings to finish the process.

Report this User

Report this user for behavior that violates our Community Guidelines.

Details: